Footballeurs par image - AC Milan - Statistiques

Statistiques générales
  • Ce quiz a été pris 307 fois
  • Le résultat moyen est 12 sur 16
Statistiques - réponses
Par images Réponse % Correct
Ronaldinho
98%
Theo Hernandez
97%
Kaka
96%
Paolo Maldini
96%
Ruud Gullit
92%
Cafu
87%
Gennaro Gattuso
86%
Alessandro Nesta
80%
Dida
76%
Marco Van Basten
74%
Clarence Seedorf
70%
Franco Baresi
70%
Andriy Shevchenko
63%
Frank Rijkaard
61%
Alessandro Costacurta
15%
Demetrio Albertini
10%
Aucun quiz correspondant
Distribution des résultats
% des personnes avec chaque résultat
Percentile par nombre de réponses
Votre historique - résultats
Vous n’avez pas pris ce quiz